ბათუმის შოთა რუსთაველის სახელმწიფო უნივერსიტეტის ბიბლიოთეკა

აკადემიკოსი ნიკო მარი-120 : (ბიბ.ჩანაწერი № 52545)

000 -ლიდერი
ფიქსირებული სიგრძის საკონტროლო ველი 01214nam a2200241Ia 4500
001 - საკონტროლო ნომერი
საკონტროლო ველი 19569
003 - საკონტროლო ნომრის იდენტიფიკატორი
საკონტროლო ველი GE_BSU
005 - ბოლო ოპერაციის თარიღი და დრო
საკონტროლო ველი 20200305134904.0
008 - ფიქსირებული სიგრძის მონაცემთა ელემენტები - ზოგადი ინფორმაცია
ფიქსირებული სიგრძის საკონტროლო ველი 181216s1988||||ge |||||||||||||| ||geo||
040 ## - კატალოგიზაციის წყარო
Transcribing agency GE_BSU
041 ## - ენის კოდი
Language code of text/sound track or separate title geo
080 ## - უნივერსალური ათობითი კლასიფიკაციის ინდექსი
Universal Decimal Classification number 81(479.22)(092) ა-40
245 ## - ცნობა სათაურის შესახებ
Title აკადემიკოსი ნიკო მარი-120 :
Remainder of title აკად. ნ. მარის დაბადების 120 წლისთავისადმი მიძღვნილი საიუბ. სესიის მასალები /
Statement of responsibility, etc რედ. შოთა ძიძიგური
264 ## - წარმოების, გამოცემის, დისტრიბუციის და სხვა ცნობები
გამოცემის, წარმოების, დისტრიბუციის... ადგილი თბილისი :
გამოცემის, წარმოების, დისტრიბუციის... სახელწოდება მეცნიერება,
გამოცემის, წარმოების, დისტრიბუციის... თარიღი 1988.
300 ## - ფიზიკური აღწერა
Extent 160 გვ. ;
Dimensions 18 სმ.
500 ## - ზოგადი შენიშვნა
General note ზოგიერთი მასალა რუსულ ენაზე
653 ## - INDEX TERM--UNCONTROLLED
Uncontrolled term მარი ნიკო
653 ## - INDEX TERM--UNCONTROLLED
Uncontrolled term ქართველი ენათმეცნიერები
700 ## - ADDED ENTRY--PERSONAL NAME
Personal name ძიძიგური, შოთა
Relator term რედაქტორი
9 (RLIN) 7695
710 ## - ADDED ENTRY--CORPORATE NAME
Corporate name or jurisdiction name as entry element საქ. სსრ მეცნ. აკად. ენისა და ლიტერატურის განყ-ბა
9 (RLIN) 7696
942 ## - ADDED ENTRY ELEMENTS (KOHA)
Koha item type წიგნი
Source of classification or shelving scheme
ეგზემპლარები
ჩამოწერის სტატუსი დაკარგული ეგზემპლარის სტატუსი კლასიფიკაციის წყარო ან თაროზე გაწყობის სქემა დაზიანების სტატუსი არ გაიცემა მუდმივი მდებარეობა (დაცვის ადგილი) ამჟამინდელი ადგილსამყოფელი თაროზე განთავსების ადგილი შეძენის თარიღი ღირებულება, შესყიდვის ნორმალური ფასი სრული შენახვის შიფრი შტრიხკოდი ბოლო ოპერაციის თარიღი ეგზემპლარის მიმდევრობითი ნომერი (კეტერი?) ფასის ძალაში შესვლის თარიღი ეგზემპლარის სახეობა საჯარო შენიშვნა
          ბათუმის შოთა რუსთაველის სახელმწიფო უნივერსიტეტის მთავარი ბიბლიოთეკა ბათუმის შოთა რუსთაველის სახელმწიფო უნივერსიტეტის მთავარი ბიბლიოთეკა წიგნსაცავი 2018-12-17 3.00 81(479.22)(092) ა-40 51672 2018-12-17 51672 2018-12-17 წიგნი 3.00 ლ.